al-Qāmūs al-Islāmī / (Record no. 46717)

MARC details
000 -LEADER
fixed length control field 00605cam a22002051i 4500
001 - CONTROL NUMBER
control field ne 64000418
003 - CONTROL NUMBER IDENTIFIER
control field DLC
005 - DATE AND TIME OF LATEST TRANSACTION
control field 20260227111756.0
008 - FIXED-LENGTH DATA ELEMENTS--GENERAL INFORMATION
fixed length control field 801030m19639999ua a d 000 0 egyrc
010 ## - LIBRARY OF CONGRESS CONTROL NUMBER
LC control number ne 64000418
035 ## - SYSTEM CONTROL NUMBER
System control number (OCoLC)6882130
040 ## - CATALOGING SOURCE
Original cataloging agency Princeton Univ. Libr.
Transcribing agency MnM
Modifying agency DLC
042 ## - AUTHENTICATION CODE
Authentication code premarc
050 00 - LIBRARY OF CONGRESS CALL NUMBER
Classification number BP40
Item number .A8
100 2# - MAIN ENTRY--PERSONAL NAME
Personal name ʻAṭīyat Allāh, Aḥmad.
245 13 - TITLE STATEMENT
Title al-Qāmūs al-Islāmī /
Statement of responsibility, etc. Aḥmad ʻAṭīyat Allāh.
260 ## - PUBLICATION, DISTRIBUTION, ETC.
Place of publication, distribution, etc. [Cairo] :
Name of publisher, distributor, etc. Maktabat al-Nahḍah al-Miṣriyah,
Date of publication, distribution, etc. 1963-
300 ## - PHYSICAL DESCRIPTION
Extent v. :
Other physical details ill. ;
Dimensions 25 cm.
650 #0 - SUBJECT ADDED ENTRY--TOPICAL TERM
Topical term or geographic name entry element Islam
General subdivision Dictionaries
-- Arabic.

No items available.

Powered by Koha